| 000 | 01129cam a22002774a 4500 | ||
|---|---|---|---|
| 001 | 12220761 | ||
| 003 | OSt | ||
| 005 | 20251015162011.0 | ||
| 008 | 001102s2001 nyu b 001 0 eng | ||
| 010 | _a 00053773 | ||
| 020 | _a0387952195 | ||
| 040 |
_aDDC _cMUST |
||
| 082 | 0 | 0 |
_a515 FUN 2011 _221 |
| 100 |
_aMarián Fabian; [et al.]. _919219 |
||
| 245 | 0 | 0 | _aFunctional Analysis and Infinite-dimensional Geometry |
| 260 |
_aNew York; _bSpringer, _c2001. |
||
| 300 |
_aix, 451 p. ; _c25 cm. |
||
| 440 | 0 |
_aCMS books in mathematics ; _v8 _919220 |
|
| 504 | _aIncludes bibliographical references and index. | ||
| 650 | 0 |
_aFunctional analysis. _95452 |
|
| 650 | 0 | _aMathematics | |
| 856 | 4 | 2 |
_3Publisher description _uhttp://www.loc.gov/catdir/enhancements/fy0816/00053773-d.html |
| 856 | 4 | 1 |
_3Table of contents only _uhttp://www.loc.gov/catdir/enhancements/fy0816/00053773-t.html |
| 942 |
_2ddc _cO_SHELF |
||
| 999 |
_c9412 _d9412 |
||